[Event "Santiago Endesa Classification"]
[Site "Santiago de Chile"]
[Date "2008.10.01"]
[Round "5"]
[White "Morales Garcia, Hugo"]
[Black "Carrillo Gonzalez, Manuel"]
[Result "1-0"]
[WhiteElo "2050"]
[BlackElo "1759"]
[PlyCount "47"]
[EventDate "2008.09.24"]
[EventType "swiss"]
[EventRounds "9"]
[EventCountry "CHI"]
[SourceTitle "EXT 2012"]
[Source "ChessBase"]
[SourceDate "2011.11.24"]
[SourceVersion "1"]
[SourceVersionDate "2011.11.24"]
[SourceQuality "1"]

1. Nf3 Nc6 2. d4 d5 3. c4 e6 4. Nc3 Nf6 5. Bg5 Be7 6. e3 0-0 7. Bd3 dxc4 8. Bxc4 b6 9. 0-0 Bb7 10. Rc1 h6 11. Bh4 Nh7 12. Bg3 Na5 13. Bd3 Ng5 14. Ne5 Nc6 15. Nxc6 Bxc6 16. h4 Nh7 17. Ne4 Bxe4 18. Bxe4 c6 19. Qd3 f5 20. Bxc6 Rc8 21. Qb3 Bxh4 22. Qxe6+ Kh8 23. Be5 Ng5 24. Qxh6+ 1-0